000 00769nas a2200253 4500
001 BR8902416
003 BR-BrBNA
005 20231205091538.0
007 ta
008 230509b bl.|||p| |||| 00| 00por d
040 _aBR-BrBNA
_bpor
_cBiblioteca Nacional de Agricultura
041 _a(Pt)
072 _aL50
100 1 _aViotto, M.J.S.
100 1 _aOrsi, A.M.
100 1 _aPai, V.D.
245 1 _aLocalizacao histoquimica da Nadhdiafo e Succinato-desidrogenase no epididimo do gato (Felis domestica, L.)
650 _aGATO
650 _aENZIMA
650 _aATIVIDADE ENZIMICA
773 0 _tCiencia e Cultura (Brazil)
_xISSN 0009-6725
_g(Dec 1986), v. 38(12) p. 2025-2027
_wBR8902416
909 _a202311
_bLúcia
_c55
_dLúcia Elande
942 _2AGRIS
_n0
_cANA
999 _c125776
_d125776